000 00629nam a22002177a 4500
003 BD-DhJNU
005 20250813033600.0
008 250813b |||||||| |||| 00| 0 eng d
020 _a006042267X
040 _aBD-DhJNU
_bENG
_cBD-DhJNU
_dBD-DhJNU
082 _223
_a973 GAA
100 _aGarraty, John A.
245 _aThe American nation :
_ba history of the United States to 1877 /
_cJohn A. Garraty
250 _a4th ed.
260 _aNew York :
_bHarper Collins Publishers,
_c1979.
300 _axvi,455p. :
_bill. :
_c26 cm.
490 _vvol. 1
504 _aIncludes index
650 _aHistory
942 _2ddc
_cBK
_n0
999 _c1994
_d1994